Normal view
MARC view
- التاريخ الإسلامي-الحضارة الإسلامية
Entry Topical Term
001 - CONTROL NUMBER
- control field: 12915
003 - CONTROL NUMBER IDENTIFIER
- control field: JO-AjAnu
005 - DATE AND TIME OF LATEST TRANSACTION
- control field: 20230606072352.0
008 - FIXED-LENGTH DATA ELEMENTS
- fixed length control field: 230606|| aca||aabn | a|a d
040 ## - CATALOGING SOURCE
- Original cataloging agency: JO-AjAnu
- Transcribing agency: JO-AjAnu
150 ## - HEADING--TOPICAL TERM
- Topical term or geographic name entry element: التاريخ الإسلامي-الحضارة الإسلامية
670 ## - SOURCE DATA FOUND
- Source citation: Work cat.: (JO-AjAnu)6646: شلبي،أحمد, author 12914, موسوعة النظم والحضارة الإسلامية (1): تاريخ المناهج الإسلامية،مناهج التعليم في صدر الإسلام،إنحرافاتها في عصور الظلام،وجوب تصحيحها